000 00384nam a2200169Ia 4500
001 18665
003 IN-NITTTR
005 20251114233217.0
008 251113s9999||||xx |||||||||||||| ||eng||
040 _beng
040 _cIN-NITTTR
041 _aeng
082 _a428.2 G951I
100 _aGulati, O. P.
245 0 _aImprove Your Word Power. /
_cGulati, O. P.
942 _2ddc
_cBK
999 _c21299
_d21299